00916nam a22001577a 4500008004100000020001500041050001700056100002300073245004400096250001300140260003900153300007600192500002000268505044700288650002300735140916b xxu||||| |||| 00| 0 eng d a0159007798 aKF5402.Z9A84 aAsimow, Michael R. aAdminstrative Law. /cMichael R. Asimow a13th ed. aChicago:bThe Barbri group,c2002. axxxiii, 333p.:c28cm.  aIncludes index. aContents: Separation of powers and controls over agencies -- The Constitutional right to a hearing -- Formal and informal adjudication under the administrative procedure act -- The Process of formal Adjudication -- Adjudicatory decision makers -- Rule making Procedures -- Obtaining information And attorney's fees -- Scope of Judicial review -- Review ability of agency decisions- Remedies and preclusion -- Standing to seek Judicial review. aAdministrative Law